Siquem: (Registro nro. 7784)
[ vista simple ]
| 000 -LIDER | |
|---|---|
| fixed length control field | 00665nam a2200217 a 4500 |
| 001 - NÚMERO DE CONTROL | |
| Identificador de número de control | 000029933 |
| 003 - IDENTIFICACDOR DE NÚMERO DE CONTROL | |
| control field | DO-SdBNP |
| 005 - DATE AND TIME OF LATEST TRANSACTION | |
| control field | 20180215082352.0 |
| 007 - CAMPOS FIJOS DE DESCRIPCIÓN FÍSICA | |
| fixed length control field | 000029933 |
| 008 - ELEMENTOS DE LONGITUD FIJA | |
| fixed length control field | 110427s1998 dr a 000 0 spa d |
| 040 ## - FUENTE DE CATALOGACIÓN | |
| Agencia que crea de manera original el registro | BPMET |
| Idioma de catalogación | spa |
| Agencia que realiza la transcripción | BPMET |
| 100 1# - ASIENTO PRINCIPAL -- NOMBRE PERSONAL | |
| Nombre personal | Montes de Oca Vilomar, Tomás |
| 245 10 - MENCIÓN DE TITULO | |
| Título | Siquem: |
| Subtítulo | novela / |
| Mención de responsabilidad | Tomás Montes de Oca Vilomar. |
| 260 ## - PUBLICACIÓN, DISTRIBUCIÓN, ETC. (PIE DE IMPRENTA) | |
| Lugar de publicación, distribución, etc | Santo Domingo : |
| Nombre del editor, distribuidor, etc. | Impresora Valdez, |
| Fecha de publicación, distribución, etc | 1998. |
| 300 ## - DESCRIPCIÓN FÍSICA | |
| Extensión | 150 p. : |
| Otros detalles físicos | il. ; |
| Dimensiones | 21 cm. |
| 930 #1 - EQUIVALENCE OR CROSS-REFERENCE-UNIFORM TITLE HEADING [LOCAL, CANADA] | |
| Language of a work | BND01 |
| Medium of performance for music | LF1 |
| Field link and sequence number | 20130508 |
| Date of a work | 04 |
| Name of part/section of a work | CT |
| Miscellaneous information | 23793 |
| 942 ## - ADDED ENTRY ELEMENTS (KOHA) | |
| Source of classification or shelving scheme | Dewey Decimal Classification |
| Koha item type | Libros |
| 945 ## - INFORMACIÓN DE PROCESAMIENTO LOCAL | |
| Información de procesamiento local | inventariado, 2018 / dg |
| 956 ## - LOCAL ELECTRONIC LOCATION AND ACCESS (OCLC) | |
| Nombre de host | YLOCKWARD |
| Número de acceso | 10 |
| Información de compresión | 20130410 |
| Inicio de sesión | BND01 |
| Procesador de solicitud | 1200 |
| 956 ## - LOCAL ELECTRONIC LOCATION AND ACCESS (OCLC) | |
| Nombre de host | VMATEO |
| Número de acceso | 10 |
| Información de compresión | 20150505 |
| Inicio de sesión | BMET02 |
| Procesador de solicitud | 00151 |
| Withdrawn status | Lost status | Source of classification or shelving scheme | Damaged status | Not for loan | Home library | Current library | Date acquired | Total Checkouts | Barcode | Date last seen | Price effective from | Koha item type |
|---|---|---|---|---|---|---|---|---|---|---|---|---|
| Dewey Decimal Classification | Biblioteca Pública Metropolitana Salomé Ureña | Biblioteca Pública Metropolitana Salomé Ureña | 05/05/2015 | BPMSU15051530 | 05/05/2015 | 05/05/2015 | Libros |